| 000 | 00805nam a22002297a 4500 | ||
|---|---|---|---|
| 003 | OSt | ||
| 005 | 20231004144101.0 | ||
| 008 | 221006b |||||||| |||| 00| 0 eng d | ||
| 020 | _a2 86925 052 5 | ||
| 040 | _cBiblioteca Lado V | ||
| 082 |
_a779.942.2 _bA797m |
||
| 100 |
_91150 _aArzenton, Madeleine _eautor |
||
| 245 |
_aMalick Sidibé/ _bBamako 1962-1976/ |
||
| 260 |
_bFoundation Cartier pour l´art contemporain _c1995 _aFrancia |
||
| 300 |
_c43x31.5cm _a14p. |
||
| 366 | _eeng | ||
| 650 |
_2Tesauro de Arte & Arquitectura _aARTE _9703 |
||
| 650 |
_2Tesauro de Arte & Arquitectura _aFOTOGRAFÍA _9702 |
||
| 650 |
_2Tesauro de Arte & Arquitectura _aFIGURAS HUMANAS _9702 |
||
| 650 |
_2Tesauro de Arte & Arquitectura _aAFRODESCENDENCIA |
||
| 942 |
_2ddc _c1 _h779.942.2 _iA797m _n0 |
||
| 999 |
_c4464 _d4464 |
||